000 00690nam a2200217 i 4500
001 105424
003 ES-MaACL
007 t|
008 060710s1949 sz ||||1| fre d
080 _a159.922.27
100 1 _aReiwald, Paul.
_996095
245 1 0 _aDe l'esprit des masses
_b: traité de psychologie collective /
_cPaul Reiwald.
260 _aNeuchatel ;
_aParis :
_bDelachaux & Niestle,
_c[1949]
300 _a379 p. ;
_c22 cm.
490 1 _aL`homme et ses problèmes
500 _aBiblioteca Juan Andrade.
650 1 7 _aPsicología social
_2embne
_916573
830 0 _aL`homme et ses problèmes
_9232723
852 _aES-MaACL
_jAND-219
_bR.109539
999 _c105424
_d105424